Sklep na A - Statystyki

Ogólne statystyki
  • Ten quiz został rozwiązany 46 razy
  • Średni wynik to 4 z 9
Statystyki odpowiedzi
Odpowiedź % Poprawnych
Aldi
87%
Auchan
87%
Action
44%
Adidas
38%
Allegro
36%
Agata meble
26%
Aliexpress
26%
Amazon
23%
Apart
15%
Nie znaleziono quizów pasujących do podanych kryteriów
Rozkład punktacji
Procent ludzi z każdym wynikiem
Percentyl według liczby udzielonych odpowiedzi
Twoja historia wyników
Nie rozwiązałeś tego quizu